01030 2200265 4500001002100000005001500021035002000036007000300056008004100059020001800100082001400118084002000132100003200152245006400184250001900248300003800267700003400305520027200339600001800611264004500629336002100674337003000695338002300725990001600748INLIS00000000000179620260623102509 a0010-0626000493ta260623 1 ind  a9789792222876 a899.221 3 a899.221 3 NYO r0 aNyoman S. PenditePengarang1 aRamayana /cNyoman S. Pendit ; ilustrasi, Amir Koenfayakoen acetakan ketiga a362 halaman :bilustrasi ;c22 cm0 aAmir KoenfayakoeneIlustrator aEpos Ramayana adalah salah satu warisn budaya idonesia yang diadaptasi dari khazanah sastra klasik India. Epos yang sudh berabad-abad dikenal di Indonesia dalam bentuk kakawin, relief di candi Prambananan, atau tarian-tarian ini, ditulis kembali oleh Nyoman S. Pendit 4aFiksi sejarah aJakarta :bGramedia Pustaka Utama,c2010 2rdacontentateks 2rdamediaatanpa perantara 2rdacarrieravolume aSP003157/19